000 00594nam a2200241Ia 4500
003 OSt
005 20220924143734.0
006 a|||||r|||| 00| 0
007 ta
008 220923b |||||||| |||| 00| 0 urd d
020 _c200
024 _a309980
037 _cTextual
040 _aARTS
_cARTS
_burd
041 _2urd
_aurd
082 _aO168:gx, N7
100 _aHashmi Abeedurrehman
_9216716
245 0 _aMeeras-e-hunar
260 _c1997
650 _aURDU LITERATURE
942 _hO168:gx, N7
_cTEXL
_2CC
999 _c455591
_d455591